Countries Albert Einstein Has Visited, With a Map - Statistics

General Stats
  • This quiz has been taken 47 times
  • The average score is 33 of 34
Answers on the Map
Answers color-coded by a green-red scale on the quiz's map according to % correct below.
 
Answer Stats
Country % Correct
Argentina
100%
Austria
100%
Belgium
100%
Brazil
100%
Canada
100%
China
100%
Denmark
100%
France
100%
Germany
100%
Japan
100%
Mexico
100%
Netherlands
100%
Norway
100%
Portugal
100%
Serbia
100%
Spain
100%
United Kingdom
100%
Croatia
98%
Cuba
98%
Egypt
98%
Italy
98%
Malaysia
98%
Sweden
98%
Czechia
95%
United States
95%
Panama
95%
Slovakia
95%
Uruguay
95%
Honduras
93%
Switzerland
93%
Singapore
93%
Sri Lanka
83%
Israel
79%
Lebanon
76%
No matching quizzes found
Score Distribution
Percent of People with Each Score
Percentile by Number Answered
Your Score History
You have not taken this quiz